| 000 | 00598nam a2200157 i 4500 | ||
|---|---|---|---|
| 001 | 78441 | ||
| 003 | ES-MaACL | ||
| 007 | t| | ||
| 008 | 041014s1939 mx ||||1| spa d | ||
| 100 | 1 |
_aHaring, Clarence Henry. _961848 |
|
| 245 | 1 | 0 |
_aComercio y navegación entre España y las Indias en la época de los Habsburgos / _cClarence Henry Haring ; versión española revisada por Emma Salinas. |
| 260 |
_aMéxico : _bFondo de Cultura Económica, _c1939 ( _fArtes Gráficas Comerciales) |
||
| 300 |
_aXXVI, 460 p. ; _c23 cm. |
||
| 700 | 1 |
_aSalinas, Emma. _9101931 |
|
| 852 |
_aES-MaACL _jB-1593 _bR.27303 |
||
| 999 |
_c78441 _d78441 |
||